000
00339nam a2200157Ia 4500
100
_a
Shah/Sharanam/ Shah/Vaishali
650
_a
Oracle
942
_c
BK
366
_f
20
245
_a
Oracle for professionals
260
_b
Shroff Publ.
_c
2010
082
_a
5.133
_b
SHA
300
_a
1343
546
_a
ENGLISH
_c
Computers
999
_c
29071
_d
29071